Statistics for American Capitals that Start with S

Click here to take the quiz!

General Stats

  • This quiz has been taken 59 times
  • The average score is 6 of 7

Answer Stats

Capital% Correct
San Salvador
98%
Santiago
93%
San Jose
80%
Santo Domingo
80%
Sucre
78%
Saint John's
71%
Saint George's
69%

Score Distribution

Percentile by Number Answered

Percent of People with Each Score

Your Score History

You have not taken this quiz